Top 30 Mortal Kombat Characters of All Time (Ranker.com) - Statistics

General Stats
  • This quiz has been taken 172 times
  • The average score is 25 of 30
Answer Stats
Hint Answer % Correct
1 Scorpion
99%
2 Sub Zero
99%
13 Johnny Cage
96%
9 Kitana
95%
15 Mileena
95%
5 Liu Kang
94%
3 Raiden
94%
23 Jax
91%
21 Shang Tsung
91%
22 Sonya Blade
91%
11 Kung Lao
89%
8 Reptile
89%
16 Jade
88%
30 Kano
88%
6 Smoke
88%
14 Goro
87%
4 Noob Saibot
85%
19 Rain
83%
12 Shao Kahn
81%
17 Ermac
80%
10 Baraka
78%
18 Cyrax
78%
20 Kabal
76%
29 Cassie Cage
75%
27 Quan Chi
74%
28 Sektor
74%
25 Nightwolf
71%
7 Kenshi
68%
26 Skarlet
55%
24 Erron Black
53%
No matching quizzes found
Score Distribution
Percent of People with Each Score
Percentile by Number Answered
Your Score History
You have not taken this quiz